[Event "Steinfurt Bezirksklasse 1617"]
[Site "Germany"]
[Date "2016.11.19"]
[Round "3.4"]
[White "Kettner, Hubert"]
[Black "Thiele, Simon"]
[Result "1-0"]
[WhiteElo "1314"]
[BlackElo "1272"]
[PlyCount "73"]
[EventDate "2016.09.17"]
[EventType "team"]
[EventRounds "10"]
[EventCountry "GER"]
[SourceTitle "EXT 2018"]
[Source "ChessBase"]
[SourceDate "2017.10.13"]
[SourceVersion "1"]
[SourceVersionDate "2017.10.13"]
[SourceQuality "1"]
[WhiteTeam "Reckenfeld II"]
[BlackTeam "Emsdetten Rochade VI"]
[WhiteTeamCountry "GER"]
[BlackTeamCountry "GER"]

1. e4 e5 2. Bc4 Bc5 3. Nf3 d6 4. a3 Nf6 5. d3 h6 6. h3 Nc6 7. Nc3 0-0 8. Na4 Bd4 9. Nxd4 Nxd4 10. Nc3 c6 11. Ne2 b5 12. Nxd4 exd4 13. Ba2 Be6 14. b4 c5 15. Bd2 Qe7 16. 0-0 Bxa2 17. Rxa2 Qe5 18. Re1 Nh5 19. Qf3 Qe6 20. Raa1 Qg6 21. e5 Rad8 22. Re4 f5 23. Rh4 Nf6 24. exf6 Qxf6 25. Qd5+ Kh7 26. Rf4 g5 27. Rf3 Rde8 28. Re1 Re5 29. Rxe5 dxe5 30. Qxc5 a6 31. c3 h5 32. cxd4 exd4 33. Bxg5 Qxg5 34. Qxf8 Qc1+ 35. Kh2 Qc7+ 36. g3 h4 37. Qxf5+ 1-0

[Event "Steinfurt Bezirksklasse 1314"]
[Site "Germany"]
[Date "2013.10.05"]
[Round "1.5"]
[White "Schmalbrock, Andreas"]
[Black "Kettner, Hubert"]
[Result "1/2-1/2"]
[WhiteElo "1243"]
[BlackElo "1317"]
[PlyCount "132"]
[EventDate "2013.10.05"]
[EventType "team-tourn"]
[EventRounds "9"]
[EventCountry "GER"]
[SourceTitle "EXT 2015"]
[Source "ChessBase"]
[SourceDate "2014.11.20"]
[SourceVersion "1"]
[SourceVersionDate "2014.11.20"]
[SourceQuality "1"]
[WhiteTeam "Nordwalde II"]
[BlackTeam "Reckenfeld II"]
[WhiteTeamCountry "GER"]
[BlackTeamCountry "GER"]

1. e4 c5 2. Nc3 a6 3. a4 e6 4. Nf3 h6 5. e5 Nc6 6. Be2 Qc7 7. 0-0 Nxe5 8. d4 cxd4 9. Qxd4 Nc6 10. Qd1 d6 11. h3 Be7 12. Bf4 g5 13. Bg3 Bd7 14. Rb1 f5 15. Nd4 f4 16. Bh5+ Kd8 17. Bh2 Nxd4 18. Qxd4 Bf6 19. Qd2 Ke7 20. Rfe1 Qc4 21. Nd5+ Kd8 22. Nxf6 Nxf6 23. Bf3 Rb8 24. b4 Qc7 25. Rbd1 Ne8 26. Bg4 Qc5 27. Be2 Qc7 28. Bg4 e5 29. Bxd7 Kxd7 30. Rxe5 Rd8 31. Qe2 Kc8 32. Re7 Qc3 33. Qe6+ Kb8 34. Qe4 Nc7 35. Qd4 Qxc2 36. Rde1 Qxa4 37. Qb6 Qc2 38. R7e2 Rhe8 39. Rxe8 Rxe8 40. Rxe8+ Nxe8 41. Qd8+ Ka7 42. Bxf4 Qd1+ 43. Kh2 gxf4 44. Qxe8 Qd2 45. f3 Qxb4 46. Qe6 a5 47. Qxh6 a4 48. Qg7 a3 49. h4 a2 50. h5 Qe1 51. Qd4+ Ka8 52. Qa4+ Kb8 53. Qxa2 Qg3+ 54. Kg1 Qe1+ 55. Kh2 Qh4+ 56. Kg1 Qxh5 57. Qg8+ Ka7 58. Qa2+ Kb8 59. Qg8+ Kc7 60. Qg7+ Kc6 61. Qg8 Qc5+ 62. Kh2 Qf2 63. Qc4+ Kb6 64. Qxf4 d5 65. Qd6+ Ka7 66. Qxd5 Qh4+ 1/2-1/2

[Event "Steinfurt Bezirksliga 1213"]
[Site "Germany"]
[Date "2013.03.02"]
[Round "7.1"]
[White "Wetterau, Georg"]
[Black "Kettner, Hubert"]
[Result "0-1"]
[WhiteElo "1771"]
[BlackElo "1298"]
[PlyCount "44"]
[EventDate "2012.09.22"]
[EventType "team-tourn"]
[EventRounds "9"]
[EventCountry "GER"]
[SourceTitle "EXT 2015"]
[Source "ChessBase"]
[SourceDate "2014.11.20"]
[SourceVersion "1"]
[SourceVersionDate "2014.11.20"]
[SourceQuality "1"]
[WhiteTeam "Nordwalde"]
[BlackTeam "Reckenfeld II"]
[WhiteTeamCountry "GER"]
[BlackTeamCountry "GER"]

1. e4 c5 2. Nc3 a6 3. Nf3 h6 4. d4 cxd4 5. Nxd4 Qc7 6. Nd5 Qd8 7. Be3 e6 8. Nc3 Qc7 9. Be2 d6 10. 0-0 Bd7 11. f4 Nc6 12. f5 Nxd4 13. Bxd4 0-0-0 14. fxe6 fxe6 15. a4 Be7 16. a5 Qc6 17. Bb6 Nf6 18. Bxd8 Qc5+ 19. Kh1 Bxd8 20. Qd3 Bc7 21. Qc4 Qe5 22. Rad1 d5 0-1

[Event "Steinfurt Bezirksliga 1213"]
[Site "Germany"]
[Date "2013.02.02"]
[Round "6.1"]
[White "Kettner, Hubert"]
[Black "Wehmeier, Sven"]
[Result "0-1"]
[WhiteElo "1298"]
[BlackElo "1752"]
[PlyCount "64"]
[EventDate "2012.09.22"]
[EventType "team-tourn"]
[EventRounds "9"]
[EventCountry "GER"]
[SourceTitle "EXT 2015"]
[Source "ChessBase"]
[SourceDate "2014.11.20"]
[SourceVersion "1"]
[SourceVersionDate "2014.11.20"]
[SourceQuality "1"]
[WhiteTeam "Reckenfeld II"]
[BlackTeam "Emsdetten Turm III"]
[WhiteTeamCountry "GER"]
[BlackTeamCountry "GER"]

1. d4 Nf6 2. c4 g6 3. e3 Bg7 4. Nf3 d6 5. Be2 0-0 6. 0-0 Nfd7 7. Ne1 e5 8. Nc3 Nc6 9. d5 Ne7 10. e4 f5 11. f3 Nf6 12. Nd3 c6 13. a4 Bd7 14. Bg5 Rc8 15. Bxf6 Bxf6 16. c5 cxd5 17. cxd6 Qb6+ 18. Kh1 Qxd6 19. Nf2 d4 20. Qb3+ Be6 21. Nd5 Nxd5 22. Bc4 Rxc4 23. exd5 Bxd5 24. Qd3 Rfc8 25. Nd1 Rb4 26. Ra3 Kg7 27. Kg1 e4 28. fxe4 fxe4 29. Qh3 Rc1 30. Nf2 Rxf1+ 31. Kxf1 Rxb2 32. Ra1 e3 0-1

[Event "Steinfurt Bezirksliga 1213"]
[Site "Germany"]
[Date "2012.11.24"]
[Round "3.1"]
[White "Kettner, Hubert"]
[Black "Terhorst, Timo"]
[Result "0-1"]
[WhiteElo "1298"]
[BlackElo "1649"]
[PlyCount "95"]
[EventDate "2012.09.22"]
[EventType "team-tourn"]
[EventRounds "9"]
[EventCountry "GER"]
[SourceTitle "EXT 2015"]
[Source "ChessBase"]
[SourceDate "2014.11.20"]
[SourceVersion "1"]
[SourceVersionDate "2014.11.20"]
[SourceQuality "1"]
[WhiteTeam "Reckenfeld II"]
[BlackTeam "Rheine SG"]
[WhiteTeamCountry "GER"]
[BlackTeamCountry "GER"]

1. d4 Nf6 2. c4 e6 3. Nf3 Bb4+ 4. Bd2 Bxd2+ 5. Nbxd2 d5 6. e3 0-0 7. Bd3 b6 8. 0-0 Bb7 9. Qb3 dxc4 10. Bxc4 Nbd7 11. Ng5 Nd5 12. Ngf3 c5 13. e4 Nf4 14. Qe3 Ng6 15. d5 exd5 16. exd5 Nf6 17. Ng5 Nxd5 18. Qf3 Qxg5 19. Rad1 Ne5 20. Qg3 Qxg3 21. hxg3 Nxc4 22. Nxc4 Rad8 23. Rfe1 Nf6 24. Rxd8 Rxd8 25. g4 h6 26. f4 Nxg4 27. b3 Rd3 28. Kf1 Rg3 29. Re2 b5 30. Nd6 Bc6 31. Nf5 Bxg2+ 32. Rxg2 Rf3+ 33. Ke2 Rxf4 34. Nd6 a6 35. Nb7 c4 36. bxc4 Rxc4 37. Kf3 Nf6 38. Nd6 Rc3+ 39. Kf4 g6 40. Rf2 Rc6 41. Nb7 Rc4+ 42. Kf3 Ne4 43. Re2 Rc7 44. Na5 Nd6 45. Nb3 g5 46. Rd2 Rc3+ 47. Kg4 Rc4+ 48. Kg3 0-1

[Event "Steinfurt Bezirksliga 1213"]
[Site "Germany"]
[Date "2012.10.27"]
[Round "2.1"]
[White "Hedwig, Johannes"]
[Black "Kettner, Hubert"]
[Result "1-0"]
[WhiteElo "1753"]
[BlackElo "1298"]
[PlyCount "77"]
[EventDate "2012.09.22"]
[EventType "team-tourn"]
[EventRounds "9"]
[EventCountry "GER"]
[SourceTitle "EXT 2015"]
[Source "ChessBase"]
[SourceDate "2014.11.20"]
[SourceVersion "1"]
[SourceVersionDate "2014.11.20"]
[SourceQuality "1"]
[WhiteTeam "Emsdetten Rochade II"]
[BlackTeam "Reckenfeld II"]
[WhiteTeamCountry "GER"]
[BlackTeamCountry "GER"]

1. e4 c5 2. Nf3 h6 3. c4 e6 4. Nc3 a6 5. d4 cxd4 6. Nxd4 Qc7 7. Be3 Nf6 8. Rc1 Bb4 9. Bd3 Bd6 10. g3 Bc5 11. Qe2 d6 12. a3 Bd7 13. b4 Ba7 14. 0-0 Nc6 15. Nxc6 Bxe3 16. Qxe3 Bxc6 17. f3 0-0 18. Ne2 e5 19. Nc3 Qd7 20. b5 axb5 21. cxb5 d5 22. bxc6 bxc6 23. Qc5 Ra7 24. Nb1 Rc7 25. Rfd1 Rfc8 26. a4 Nh5 27. Bf1 Qe6 28. Nc3 Kh8 29. a5 f5 30. Bh3 g6 31. Qb6 Qf7 32. Rb1 Rf8 33. exd5 cxd5 34. Nxd5 Rc2 35. Qd6 Qa7+ 36. Qb6 Qf7 37. Rb2 Rcc8 38. Qe3 f4 39. Qxe5+ 1-0

[Event "Steinfurt Bezirksliga 0910"]
[Site "Germany"]
[Date "2009.12.05"]
[Round "4.8"]
[White "Kettner, Hubert"]
[Black "Niedenzu, Gerhard"]
[Result "1-0"]
[WhiteElo "1214"]
[BlackElo "1461"]
[PlyCount "53"]
[EventDate "2009.09.12"]
[EventType "team-tourn"]
[EventRounds "9"]
[EventCountry "GER"]
[SourceTitle "EXT 2011"]
[Source "ChessBase"]
[SourceDate "2010.11.26"]
[SourceVersion "1"]
[SourceVersionDate "2010.11.26"]
[SourceQuality "1"]
[WhiteTeam "Reckenfeld II"]
[BlackTeam "Ibbenbueren II"]
[WhiteTeamCountry "GER"]
[BlackTeamCountry "GER"]

1. d4 d5 2. c4 e6 3. Nf3 Nf6 4. e3 Be7 5. Bd3 Nbd7 6. Nbd2 a6 7. Ne5 c5 8. 0-0 cxd4 9. exd4 Bd6 10. Re1 0-0 11. c5 Be7 12. Re3 Qc7 13. Ndf3 Nxe5 14. Nxe5 Nd7 15. Bxh7+ Kh8 16. Qh5 Nf6 17. Nxf7+ Rxf7 18. Qxf7 Nxh7 19. Rh3 Qd8 20. Qg6 Qg8 21. Bf4 Bf6 22. Re1 Bxd4 23. Be5 Bxc5 24. Rc1 Be7 25. Rc7 Bf8 26. Rf7 b5 27. Rxf8 1-0

[Event "Steinfurt Bezirksliga 0809"]
[Site "Germany"]
[Date "2009.05.09"]
[Round "9.7"]
[White "Kettner, Hubert"]
[Black "Winter, Reinhold"]
[Result "1/2-1/2"]
[WhiteElo "1281"]
[BlackElo "1546"]
[PlyCount "82"]
[EventDate "2008.09.27"]
[EventType "team-tourn"]
[EventRounds "9"]
[EventCountry "GER"]
[SourceTitle "EXT 2010"]
[Source "ChessBase"]
[SourceDate "2010.11.25"]
[SourceVersion "1"]
[SourceVersionDate "2010.11.25"]
[SourceQuality "1"]
[WhiteTeam "Reckenfeld"]
[BlackTeam "Neuenkirchen II"]
[WhiteTeamCountry "GER"]
[BlackTeamCountry "GER"]

1. d4 Nf6 2. c4 e6 3. Nf3 Bb4+ 4. Nc3 d5 5. e3 0-0 6. Be2 Ne4 7. Qc2 h6 8. 0-0 Nxc3 9. bxc3 Be7 10. cxd5 exd5 11. c4 Be6 12. Ne5 dxc4 13. Nxc4 c6 14. Qe4 Bd5 15. Qg4 Qd7 16. Qg3 Qe6 17. Nd2 Bd6 18. f4 Qg6 19. Qxg6 fxg6 20. e4 Be6 21. e5 Bb4 22. Ne4 Nd7 23. Bd3 Bf5 24. Rb1 Bxe4 25. Bxe4 Bc3 26. Rxb7 Bxd4+ 27. Kh1 Nc5 28. Rb4 Nxe4 29. Rxd4 Nc3 30. a4 Ne2 31. Rc4 Nxc1 32. Rcxc1 Rac8 33. h4 c5 34. e6 Rfe8 35. Rfe1 Rc6 36. g3 Rcxe6 37. Rxe6 Rxe6 38. Rxc5 Ra6 39. a5 Kf7 40. Re5 Kf6 41. Rc5 Re6 1/2-1/2

[Event "Steinfurt Bezirksklasse 0809"]
[Site "Germany"]
[Date "2009.05.02"]
[Round "7.3"]
[White "Stroot, Helmut"]
[Black "Kettner, Hubert"]
[Result "1-0"]
[WhiteElo "1280"]
[BlackElo "1281"]
[PlyCount "55"]
[EventDate "2008.09.13"]
[EventType "team-tourn"]
[EventRounds "7"]
[EventCountry "GER"]
[SourceTitle "EXT 2010"]
[Source "ChessBase"]
[SourceDate "2010.11.25"]
[SourceVersion "1"]
[SourceVersionDate "2010.11.25"]
[SourceQuality "1"]
[WhiteTeam "Rheine CC"]
[BlackTeam "Reckenfeld II"]
[WhiteTeamCountry "GER"]
[BlackTeamCountry "GER"]

1. d4 d5 2. Bf4 e6 3. e3 Nf6 4. Bd3 Nbd7 5. Ne2 Bd6 6. Bg5 c6 7. Nd2 Qa5 8. 0-0 e5 9. c4 Qd8 10. cxd5 exd4 11. dxc6 bxc6 12. Nxd4 Ne5 13. Qc2 Bb7 14. Ne4 Neg4 15. h3 h6 16. Nxd6+ Qxd6 17. Bf4 Ne5 18. Rfd1 g5 19. Nf5 Qc7 20. Bxe5 Qxe5 21. Ng7+ Kf8 22. Nf5 h5 23. Bc4 Re8 24. Nd6 Ba8 25. Nxf7 Qc7 26. Nxh8 h4 27. Qf5 Qg7 28. Ng6+ 1-0

[Event "Steinfurt Bezirksklasse 0809"]
[Site "Germany"]
[Date "2009.03.28"]
[Round "6.4"]
[White "Roos, Philipp"]
[Black "Kettner, Hubert"]
[Result "1-0"]
[WhiteElo "1309"]
[BlackElo "1281"]
[PlyCount "69"]
[EventDate "2008.09.13"]
[EventType "team-tourn"]
[EventRounds "7"]
[EventCountry "GER"]
[SourceTitle "EXT 2010"]
[Source "ChessBase"]
[SourceDate "2010.11.25"]
[SourceVersion "1"]
[SourceVersionDate "2010.11.25"]
[SourceQuality "1"]
[WhiteTeam "Saerbeck III"]
[BlackTeam "Reckenfeld II"]
[WhiteTeamCountry "GER"]
[BlackTeamCountry "GER"]

1. d4 d5 2. c4 e6 3. Nc3 c6 4. Nf3 Nf6 5. Bg5 Nbd7 6. e4 h6 7. Bh4 Be7 8. exd5 cxd5 9. c5 a6 10. Qa4 0-0 11. Bd3 Ng4 12. Bxe7 Qxe7 13. h3 Ngf6 14. Qc2 e5 15. dxe5 Nxe5 16. Nxe5 Qxe5+ 17. Ne2 Re8 18. 0-0-0 Bd7 19. f4 Qe3+ 20. Kb1 Rec8 21. Qd2 Qxc5 22. Rhg1 a5 23. Rc1 Qa7 24. g4 b5 25. g5 hxg5 26. f5 Nh7 27. h4 f6 28. Nc3 b4 29. Nxd5 Bc6 30. Bc4 Kh8 31. hxg5 Bxd5 32. Qxd5 Rd8 33. Qe6 Qd7 34. Rh1 fxg5 35. Rxh7+ 1-0

[Event "Steinfurt Bezirksklasse 0809"]
[Site "Germany"]
[Date "2008.09.13"]
[Round "1.4"]
[White "Niering, Bernhard"]
[Black "Kettner, Hubert"]
[Result "1-0"]
[WhiteElo "1268"]
[BlackElo "1281"]
[PlyCount "81"]
[EventDate "2008.09.13"]
[EventType "team-tourn"]
[EventRounds "7"]
[EventCountry "GER"]
[SourceTitle "EXT 2010"]
[Source "ChessBase"]
[SourceDate "2010.11.25"]
[SourceVersion "1"]
[SourceVersionDate "2010.11.25"]
[SourceQuality "1"]
[WhiteTeam "Steinfurt IV"]
[BlackTeam "Reckenfeld II"]
[WhiteTeamCountry "GER"]
[BlackTeamCountry "GER"]

1. d4 d5 2. e3 e6 3. f4 f5 4. Nf3 c6 5. Bd3 Nf6 6. b3 Nbd7 7. Nbd2 Bd6 8. Bb2 b6 9. 0-0 0-0 10. Qe1 Be7 11. Ng5 h6 12. Nxe6 Qe8 13. Nxf8 Kxf8 14. Bxf5 Qh5 15. Bh3 Ng4 16. Nf3 Ndf6 17. Ne5 Bb7 18. Qe2 Bc8 19. Nxc6 Bd6 20. Ne5 Kg8 21. c4 Bxe5 22. fxe5 Ne4 23. Rf4 Nef2 24. Qf3 Bd7 25. Qxd5+ Kh7 26. Qxd7 Nxh3+ 27. gxh3 Nxe3 28. Rg4 Rg8 29. Kf2 Nxg4+ 30. Qxg4 Rf8+ 31. Ke3 Qf7 32. Rg1 Qf2+ 33. Kd3 Rf3+ 34. Ke4 Re3+ 35. Kd5 Qf7+ 36. e6 Qb7+ 37. Kd6 g5 38. Qf5+ Kg8 39. Qg6+ Kf8 40. Qxh6+ Ke8 41. Qh8# 1-0